000 00350 a2200121 4500
001 ART_12980
005 20260410161734.0
008 260409a
245 1 0 _aLa Argentina en tiempos de shock
100 1 _aJanovitz, Elemer
700 1 _aLagos, Martín
773 0 _tEjecutivos de finanzas
_g- Año 8, Nº 75 (may. 1991)
_wREV2863
999 _c18168
_d18168